[Event "chess.com SpeedChess Q2Sw"]
[Site "chess.com INT"]
[Date "2022.11.12"]
[Round "2"]
[White "Mezhlumyan, Vahram"]
[Black "Quispe Arteaga, Gabriel"]
[Result "1-0"]
[WhiteTitle "FM"]
[BlackTitle "FM"]
[WhiteElo "2208"]
[BlackElo "2374"]
[WhiteFideId "13302183"]
[BlackFideId "32059809"]
[EventDate "2022.11.12"]

1. d4 Nf6 2. c4 e6 3. Nf3 Bb4+ 4. Bd2 Be7 5. Nc3 d5 6. Bg5 O-O 7. e3 h6 8. Bh4
Nbd7 9. cxd5 exd5 10. Bd3 c6 11. Qc2 Re8 12. O-O a5 13. a3 b5 14. a4 b4 15. Ne2
c5 16. dxc5 Nxc5 17. Bb5 Rf8 18. Rad1 Be6 19. Nfd4 Rc8 20. Nc6 Qd6 21. Nxe7+
Qxe7 22. Qb1 g5 23. Bg3 Nfe4 24. Nd4 Nxg3 25. hxg3 Qf6 26. Nc6 Rxc6 27. Bxc6 Bf5
28. Qa2 Qxc6 29. Qxd5 Be4 30. Qxc6 Bxc6 31. Rc1 Nxa4 32. Rxc6 Nxb2 33. Rb1 Na4
34. Ra1 Nc3 35. Rxa5 Rd8 36. Rxh6 Kg7 37. Rb6 Rd1+ 38. Kh2 f6 39. Rxb4 Rd2 40.
f4 g4 41. f5 Re2 42. Rxg4+ Kf7 43. Ra7+ Kf8 44. Rc4 1-0

[Event "chess.com SpeedChess Q2Sw"]
[Site "chess.com INT"]
[Date "2022.11.12"]
[Round "2"]
[White "Grot, Blazej"]
[Black "Nenezic, Marko"]
[Result "0-1"]
[WhiteTitle "CM"]
[BlackTitle "IM"]
[WhiteElo "1839"]
[BlackElo "2510"]
[WhiteFideId "21835845"]
[BlackFideId "912123"]
[EventDate "2022.11.12"]

1. e4 c5 2. Nf3 d6 3. Bb5+ Nd7 4. Ba4 e6 5. O-O a6 6. c3 Nf6 7. Re1 b5 8. Bc2
Bb7 9. d4 Be7 10. Nbd2 cxd4 11. cxd4 Rc8 12. Nf1 O-O 13. Ng3 g6 14. Bh6 Re8 15.
Rc1 e5 16. dxe5 Nxe5 17. Bb3 Nfg4 18. Bf4 Qb6 19. Qe2 Bf6 20. Nxe5 Nxe5 21. Bxe5
Bxe5 22. Qd2 Qd4 23. Qxd4 Bxd4 24. Rcd1 Bxb2 25. Rxd6 Re7 26. Rd3 Kg7 27. h4 h5
28. f3 Bf6 29. Red1 Bxh4 30. Ne2 Bg5 31. Rd7 Rc7 32. Rxe7 Bxe7 33. g3 a5 34. Kf2
a4 35. Bd5 Bc8 36. Rc1 Rxc1 37. Nxc1 g5 38. Nd3 h4 39. gxh4 gxh4 40. Kg2 b4 41.
Bc6 Ba6 42. Nc1 Bg5 0-1

[Event "chess.com SpeedChess Q2Sw"]
[Site "chess.com INT"]
[Date "2022.11.12"]
[Round "2"]
[White "Hakobyan, Aram"]
[Black "Kopylov, Alexander A."]
[Result "1-0"]
[WhiteTitle "GM"]
[BlackTitle "IM"]
[WhiteElo "2613"]
[BlackElo "2397"]
[WhiteFideId "13306677"]
[BlackFideId "4164857"]
[EventDate "2022.11.12"]

1. d4 Nf6 2. Nf3 e6 3. c4 d5 4. Nc3 Bb4 5. Qa4+ Nc6 6. a3 Bxc3+ 7. bxc3 O-O 8.
Bg5 h6 9. Bh4 g5 10. Bg3 Ne4 11. Qc2 f5 12. e3 b6 13. Ne5 Bb7 14. cxd5 Nxe5 15.
Bxe5 Qxd5 16. f3 Nd6 17. Bd3 Nf7 18. Bg3 c5 19. O-O c4 20. Be2 b5 21. a4 a6 22.
Rfb1 Bc6 23. Bf1 h5 24. Bf2 g4 25. Be2 Ng5 26. Bh4 Nxf3+ 27. gxf3 gxf3 28. Bf1
f2+ 29. Kxf2 Qf3+ 30. Ke1 Qxe3+ 31. Qe2 Qxc3+ 32. Qd2 Qxd2+ 33. Kxd2 Kh7 34. Re1
Bd5 35. Kc3 Rg8 36. Bg3 Kg6 37. Kb4 Kg5 38. Be5 h4 39. Be2 Kh6 40. Rg1 h3 41.
axb5 axb5 42. Rxa8 Bxa8 43. Rxg8 1-0

[Event "chess.com SpeedChess Q2Sw"]
[Site "chess.com INT"]
[Date "2022.11.12"]
[Round "2"]
[White "Duda, Jan-Krzysztof"]
[Black "Goltsev, Dmitry"]
[Result "1-0"]
[WhiteTitle "GM"]
[BlackTitle "FM"]
[WhiteElo "2731"]
[BlackElo "2232"]
[WhiteFideId "1170546"]
[BlackFideId "24176710"]
[EventDate "2022.11.12"]

1. d4 Nf6 2. Bg5 e6 3. e4 Be7 4. Nd2 d5 5. e5 Nfd7 6. Bxe7 Qxe7 7. c3 a6 8. b4
b6 9. a4 c5 10. b5 a5 11. Bd3 Bb7 12. f4 Nf8 13. Ne2 Nbd7 14. O-O g6 15. Nf3 h5
16. g3 c4 17. Bc2 O-O-O 18. Kg2 Nh7 19. Qd2 Rdg8 20. Rf2 Kb8 21. Raf1 Ka7 22.
Neg1 Rg7 23. Nh3 Ndf8 24. Qc1 Rhg8 25. Rg1 Nd7 26. Re2 Ndf8 27. Kf1 Nd7 28. Ke1
Ndf8 29. Kd1 Bc8 30. Rge1 Bd7 31. Qb2 Bc8 32. Kc1 Bd7 33. Kb1 Bc8 34. Ka2 Bd7
35. Qb1 Bc8 36. Rf1 Bd7 37. Nf2 Bc8 38. Nd1 Bd7 39. Ne3 Bc8 40. h3 f6 41. exf6
Nxf6 42. Ne5 Bd7 43. f5 gxf5 44. Nxf5 exf5 45. Nc6+ Bxc6 46. Rxe7+ Rxe7 47. bxc6
Rxg3 48. Rxf5 Rxc3 49. Rxf6 Ne6 50. c7 Rxc7 51. Rxe6 Rb7 52. Qb2 Rxh3 53. Qb5
Rh2 54. Kb2 c3+ 55. Kb3 h4 56. Qxd5 h3 57. Be4 1-0

[Event "chess.com SpeedChess Q2Sw"]
[Site "chess.com INT"]
[Date "2022.11.12"]
[Round "2"]
[White "Nasuta, Grzegorz"]
[Black "Zemlyanskii, Ivan"]
[Result "0-1"]
[WhiteTitle "GM"]
[BlackTitle "FM"]
[WhiteElo "2539"]
[BlackElo "2237"]
[WhiteFideId "1141686"]
[BlackFideId "24249971"]
[EventDate "2022.11.12"]

1. e4 c5 2. Nf3 d6 3. Bb5+ Nd7 4. a4 a6 5. Be2 Ngf6 6. Nc3 b6 7. d4 cxd4 8. Qxd4
e5 9. Qe3 Bb7 10. O-O Be7 11. Nd2 O-O 12. Nc4 Qc7 13. Rd1 Rad8 14. b3 Nc5 15.
Bf3 Rc8 16. Ba3 Rfd8 17. Rd2 h6 18. g3 Bc6 19. Rad1 Be8 20. a5 bxa5 21. Bxc5
Qxc5 22. Qxc5 Rxc5 23. Ra1 Rdc8 24. Na4 Rxc4 25. bxc4 Rxc4 26. Nb6 Rc3 27. Bg2
Bb5 28. Rxa5 Bd8 29. Rxd6 Bc7 0-1

[Event "chess.com SpeedChess Q2Sw"]
[Site "chess.com INT"]
[Date "2022.11.12"]
[Round "2"]
[White "Jumabayev, Rinat"]
[Black "Dauner, Benedikt"]
[Result "1-0"]
[WhiteTitle "GM"]
[BlackTitle "FM"]
[WhiteElo "2620"]
[BlackElo "2336"]
[WhiteFideId "13702661"]
[BlackFideId "16225899"]
[EventDate "2022.11.12"]

1. d4 Nf6 2. c4 e6 3. Nf3 b6 4. g3 Bb7 5. Bg2 c5 6. d5 d6 7. Nc3 e5 8. O-O Nbd7
9. Ne1 Be7 10. Nd3 O-O 11. f4 Re8 12. e4 Bf8 13. Re1 a6 14. a4 Bc8 15. h3 Rb8
16. g4 Kh8 17. g5 Ng8 18. f5 f6 19. h4 a5 20. Rf1 Ba6 21. b3 Qe7 22. Bh3 h6 23.
Qh5 Red8 24. Ra2 Qe8 25. Qf3 fxg5 26. hxg5 hxg5 27. Rh2 Nh6 28. Bxg5 Nf6 29. Bg4
Rd7 30. Rxh6+ gxh6 31. Bxf6+ Bg7 32. Bh4 Rf7 33. Bh5 Rbb7 34. f6 Bf8 35. Kh2 Qd8
36. Bxf7 Rxf7 37. Ne1 Bc8 38. Ng2 h5 39. Ne3 Bh6 40. Ne2 Bxe3 41. Qxe3 Bg4 42.
Ng3 Qf8 43. Qg5 Qg8 44. Qxg8+ Kxg8 45. Nf5 Rd7 46. Nh6+ Kf8 47. Nxg4 hxg4 48. f7
Rxf7 49. Rxf7+ Kxf7 50. Bd8 1-0

[Event "chess.com SpeedChess Q2Sw"]
[Site "chess.com INT"]
[Date "2022.11.12"]
[Round "2"]
[White "Volkov, Maksim"]
[Black "Kirillov, Dmitry"]
[Result "0-1"]
[WhiteTitle "FM"]
[BlackTitle "FM"]
[WhiteElo "2357"]
[BlackElo "2195"]
[WhiteFideId "54123070"]
[BlackFideId "34180572"]
[EventDate "2022.11.12"]

1. d4 d5 2. c4 e6 3. Nf3 c6 4. e3 f5 5. Nc3 Nf6 6. Bd3 Bd6 7. O-O O-O 8. b3 Ne4
9. Ne2 Nd7 10. a4 Qe7 11. Bb2 b6 12. Ne5 Nxe5 13. dxe5 Bb4 14. Nd4 Bd7 15. cxd5
cxd5 16. f3 Nc5 17. Be2 a5 18. Bc1 Rac8 19. Bd2 Bxd2 20. Qxd2 g5 21. Rac1 Qg7
22. f4 Ne4 23. Qd3 Qe7 24. Bf3 gxf4 25. exf4 Rc5 26. Bxe4 dxe4 27. Qa6 Rxc1 28.
Rxc1 Qb4 29. Rd1 Rd8 30. Qb7 Be8 31. Qe7 Qxe7 0-1

[Event "chess.com SpeedChess Q2Sw"]
[Site "chess.com INT"]
[Date "2022.11.12"]
[Round "2"]
[White "Filgueira, Hernan"]
[Black "Bouget, Alexandre"]
[Result "1/2-1/2"]
[WhiteTitle "IM"]
[BlackTitle "FM"]
[WhiteElo "2283"]
[BlackElo "2268"]
[WhiteFideId "101770"]
[BlackFideId "681318"]
[EventDate "2022.11.12"]

1. e4 e5 2. Nf3 Nc6 3. Bc4 Nf6 4. d3 Be7 5. O-O O-O 6. Re1 d6 7. a4 Kh8 8. Nc3
Ng8 9. Nd5 f5 10. c3 fxe4 11. dxe4 Bg4 12. Be2 Nf6 13. Nxf6 Bxf6 14. Be3 Qe8 15.
a5 a6 16. Nd2 Be6 17. Bg4 Qd7 18. Bxe6 Qxe6 19. h3 Ne7 20. Qg4 Qf7 21. Rf1 Ng6
22. g3 Qe7 23. b4 c6 24. Rae1 Rad8 25. Kh2 d5 26. Bc5 Qc7 27. Bxf8 Nxf8 28. Nb3
Qf7 29. Nc5 h5 30. Qe2 h4 31. Kg2 Ng6 32. Rd1 Kg8 33. Rd3 Rf8 34. Rfd1 d4 35.
cxd4 exd4 36. Ra1 Be5 37. Qa2 Kh7 38. Qxf7 Rxf7 39. f4 Bxf4 40. gxf4 Nxf4+ 41.
Kh2 Nxd3 42. Nxd3 Rf3 43. Rd1 Re3 44. e5 Kg8 45. Kg2 Kf7 46. Nf2 Rxe5 47. Rxd4
c5 48. Rxh4 cxb4 49. Rxb4 Rxa5 50. Rxb7+ Kg6 51. Rb6+ Kh5 52. Rb7 g5 53. Rb6 Ra2
54. Kg3 Ra3+ 55. Kg2 a5 56. Ra6 Ra2 57. Kg3 Ra3+ 58. Kg2 Ra2 59. Kf3 Ra3+ 60.
Kg2 1/2-1/2

[Event "chess.com SpeedChess Q2Sw"]
[Site "chess.com INT"]
[Date "2022.11.12"]
[Round "2"]
[White "Indjic, Aleksandar"]
[Black "De Silva, L M S T"]
[Result "1-0"]
[WhiteTitle "GM"]
[BlackTitle "IM"]
[WhiteElo "2631"]
[BlackElo "2521"]
[WhiteFideId "911925"]
[BlackFideId "9953698"]
[EventDate "2022.11.12"]

1. d4 Nf6 2. c4 e6 3. Nf3 d5 4. Bg5 Bb4+ 5. Nc3 h6 6. Bxf6 Qxf6 7. e3 c5 8. a3
Bxc3+ 9. bxc3 dxc4 10. Bxc4 O-O 11. O-O Nd7 12. e4 e5 13. d5 Qd6 14. a4 b6 15.
Nd2 a6 16. Qe2 Bb7 17. Bd3 Rfb8 18. Nc4 Qc7 19. Ne3 Nf6 20. f3 Ne8 21. c4 Nd6
22. Qb2 f6 23. g3 Bc8 24. Qc3 Bd7 25. Rfc1 Rc8 26. Bf1 Qb7 27. Rcb1 b5 28. cxb5
axb5 29. axb5 Rxa1 30. Rxa1 Bxb5 31. Rb1 c4 32. Bh3 Rc7 33. Be6+ Kh8 34. Kg2 Qb6
35. Ra1 Ra7 36. Rxa7 Qxa7 37. Qb4 Qc7 38. Nf5 c3 39. Nxd6 c2 40. Nxb5 c1=Q 41.
Nxc7 Qxc7 42. Qf8+ Kh7 1-0

[Event "chess.com SpeedChess Q2Sw"]
[Site "chess.com INT"]
[Date "2022.11.12"]
[Round "2"]
[White "Urazayev, Arystanbek"]
[Black "Molenda, Marcin"]
[Result "1-0"]
[WhiteTitle "IM"]
[BlackTitle "FM"]
[WhiteElo "2458"]
[BlackElo "2381"]
[WhiteFideId "13709810"]
[BlackFideId "1173065"]
[EventDate "2022.11.12"]

1. e4 c6 2. d4 d5 3. exd5 cxd5 4. Nf3 g6 5. c4 Nf6 6. Nc3 Bg7 7. cxd5 Nxd5 8.
Bc4 Nxc3 9. bxc3 O-O 10. O-O b6 11. Re1 Bb7 12. Ba3 Re8 13. Ne5 e6 14. Bb5 Qd5
15. Bf1 Nc6 16. Ng4 Na5 17. Ne3 Qg5 18. Rb1 Rac8 19. Rb5 Qf4 20. Bc1 Rxc3 21.
Bd2 Qc7 22. Bxc3 Qxc3 23. d5 exd5 24. Nc2 Rxe1 25. Nxe1 d4 26. Rb1 h5 27. Rc1
Qa3 28. Rc7 Qxa2 29. Nf3 Qd5 30. h4 Bf6 31. Qe1 d3 32. Qe8+ Kg7 33. Bxd3 Bc6 34.
Qe2 Nb3 35. Bc4 Nd4 36. Qd3 Nxf3+ 37. Qxf3 Qxc4 38. Rxc6 Qxh4 39. g3 Qg5 40. Rc7
a5 41. Qb3 Kh6 42. Qxf7 Qe5 43. Qh7+ Kg5 44. f4+ 1-0

[Event "chess.com SpeedChess Q2Sw"]
[Site "chess.com INT"]
[Date "2022.11.12"]
[Round "2"]
[White "Danielyan, Vahe"]
[Black "Eljanov, Pavel"]
[Result "0-1"]
[WhiteTitle "IM"]
[BlackTitle "GM"]
[WhiteElo "2307"]
[BlackElo "2706"]
[WhiteFideId "13304828"]
[BlackFideId "14102951"]
[EventDate "2022.11.12"]

1. e4 e5 2. Nc3 Nf6 3. Nf3 Nc6 4. Bb5 Bd6 5. d3 a6 6. Ba4 O-O 7. a3 Re8 8. Bg5
h6 9. Bh4 b5 10. Bb3 Be7 11. O-O d6 12. h3 Na5 13. Ba2 c5 14. b4 Nc6 15. Rb1
cxb4 16. axb4 Be6 17. Bxf6 Bxf6 18. Nd5 g6 19. c3 Bg7 20. Re1 f5 21. Qc2 Rc8 22.
exf5 gxf5 23. Ne3 d5 24. Qb3 Kh8 25. Nxd5 Ne7 26. c4 bxc4 27. dxc4 e4 28. Nh4
Nxd5 29. cxd5 Bd7 30. Ng6+ Kh7 31. Nf4 Rc3 32. Qd1 Qg5 33. g3 Rxg3+ 34. fxg3
Qxg3+ 35. Ng2 Be5 36. Bc4 Rg8 37. Qd2 Qh2+ 38. Kf1 Qh1+ 39. Ke2 Rxg2+ 40. Ke3
Qxh3# 0-1

[Event "chess.com SpeedChess Q2Sw"]
[Site "chess.com INT"]
[Date "2022.11.12"]
[Round "2"]
[White "Gokerkan, Cem Kaan"]
[Black "Bilan, Danila"]
[Result "1-0"]
[WhiteTitle "IM"]
[BlackTitle "FM"]
[WhiteElo "2470"]
[BlackElo "2303"]
[WhiteFideId "6336760"]
[BlackFideId "24161918"]
[EventDate "2022.11.12"]

1. e4 c6 2. d4 d5 3. e5 c5 4. dxc5 e6 5. Be3 Qc7 6. b4 Nc6 7. Bb5 Qxe5 8. Nd2
Bd7 9. Ngf3 Qc7 10. a3 Be7 11. O-O Bf6 12. Rb1 Nge7 13. c4 d4 14. Bg5 Bxg5 15.
Nxg5 h6 16. Nge4 O-O 17. Re1 e5 18. Ba4 Bf5 19. Rb3 Bg6 20. Nd6 Rad8 21. Rg3 Nf5
22. Nxf5 Bxf5 23. Bxc6 bxc6 24. Qh5 Bg6 25. Qxe5 Rfe8 26. Qxc7 Rxe1+ 27. Nf1
Rde8 28. h4 d3 29. Qd7 R8e6 30. Rxg6 fxg6 31. Qxd3 Kh7 32. Kh2 R6e4 33. g3 R4e2
34. Kg2 Ra2 35. h5 Ree2 36. hxg6+ Kg8 37. Qd8+ 1-0

[Event "chess.com SpeedChess Q2Sw"]
[Site "chess.com INT"]
[Date "2022.11.12"]
[Round "2"]
[White "Ezat, Mohamed"]
[Black "Klukin, Kirill"]
[Result "0-1"]
[WhiteTitle "IM"]
[BlackTitle "IM"]
[WhiteElo "2404"]
[BlackElo "2390"]
[WhiteFideId "10600906"]
[BlackFideId "24199273"]
[EventDate "2022.11.12"]

1. d4 Nf6 2. c4 Nc6 3. Nf3 e6 4. a3 d6 5. Nc3 g6 6. e4 Bg7 7. Be2 O-O 8. O-O Re8
9. Re1 e5 10. d5 Nd4 11. Be3 Ng4 12. Bd2 f5 13. h3 Nf6 14. Bd3 Nxf3+ 15. Qxf3 f4
16. Qd1 g5 17. Be2 a5 18. Rc1 b6 19. b4 Bf8 20. Bf3 Re7 21. c5 Rg7 22. cxb6 cxb6
23. Nb5 g4 24. hxg4 Bxg4 25. Rc3 axb4 26. axb4 h5 27. Qc2 Bxf3 28. Rxf3 Qd7 29.
Na3 Qg4 30. Kf1 Qxg2+ 31. Ke2 Nxe4 32. Qxe4 Rxa3 0-1

[Event "chess.com SpeedChess Q2Sw"]
[Site "chess.com INT"]
[Date "2022.11.12"]
[Round "2"]
[White "Sarana, Alexey"]
[Black "Fernandez Guillen, Ernesto J."]
[Result "1-0"]
[WhiteTitle "GM"]
[BlackTitle "IM"]
[WhiteElo "2668"]
[BlackElo "2462"]
[WhiteFideId "24133795"]
[BlackFideId "3512428"]
[EventDate "2022.11.12"]

1. c4 e5 2. Nc3 Nc6 3. Nf3 f5 4. g3 Nf6 5. d4 e4 6. Nh4 d6 7. Bh3 g6 8. O-O Be7
9. f3 O-O 10. Bh6 Rf7 11. Qd2 d5 12. Rad1 b6 13. cxd5 Nxd4 14. Be3 f4 15. Bxc8
Nxf3+ 16. exf3 fxe3 17. Qxe3 Bc5 18. Qxc5 bxc5 19. Be6 e3 20. Ng2 Kg7 21. Bxf7
Kxf7 22. Nxe3 a5 23. Nc4 a4 24. Rfe1 Kg7 25. Re6 a3 26. b3 Qf8 27. Rde1 Re8 28.
Kg2 h5 29. h4 Qf7 30. R1e2 Qf8 31. Nb5 Qf7 32. R2e5 c6 33. Nbd6 Rxe6 34. Nxf7
Rxe5 35. Nfxe5 cxd5 36. Nxa3 g5 37. hxg5 Nh7 38. f4 Nf8 39. Nb5 Ne6 40. a4 1-0

[Event "chess.com SpeedChess Q2Sw"]
[Site "chess.com INT"]
[Date "2022.11.12"]
[Round "2"]
[White "Grandelius, Nils"]
[Black "Akobian, Varuzhan"]
[Result "1-0"]
[WhiteTitle "GM"]
[BlackTitle "GM"]
[WhiteElo "2657"]
[BlackElo "2591"]
[WhiteFideId "1710400"]
[BlackFideId "13300580"]
[EventDate "2022.11.12"]

1. c4 e6 2. Nf3 d5 3. b3 Nf6 4. Bb2 a5 5. Nc3 Be7 6. e3 O-O 7. d4 b6 8. Bd3 Bb7
9. O-O Nbd7 10. cxd5 exd5 11. Ne5 c5 12. Nxd7 Qxd7 13. Na4 Qe6 14. Rc1 Rfc8 15.
dxc5 bxc5 16. Qf3 Ne4 17. Rfd1 h6 18. Bxe4 dxe4 19. Qg3 f6 20. Qg6 Ba6 21. h3
Bd3 22. Bc3 c4 23. bxc4 Rxc4 24. Nb2 Rc7 25. Nxd3 exd3 26. Bxf6 Bxf6 27. Rxc7
Qxa2 28. Rd7 a4 29. Qxd3 a3 30. g3 Qe6 31. Rd6 Qf7 32. Qe4 Re8 33. Qa4 Bb2 34.
Rd7 1-0

[Event "chess.com SpeedChess Q2Sw"]
[Site "chess.com INT"]
[Date "2022.11.12"]
[Round "2"]
[White "Talibov, Shiroghlan"]
[Black "Harikrishna, Pentala"]
[Result "1-0"]
[WhiteTitle "FM"]
[BlackTitle "GM"]
[WhiteElo "2316"]
[BlackElo "2715"]
[WhiteFideId "13429078"]
[BlackFideId "5007003"]
[EventDate "2022.11.12"]

1. e4 c5 2. Nf3 e6 3. d4 cxd4 4. Nxd4 Nc6 5. Nc3 Qc7 6. Nxc6 dxc6 7. f4 e5 8.
Bc4 Bc5 9. f5 b5 10. Bb3 a5 11. a3 Nf6 12. Bg5 h5 13. Bxf6 gxf6 14. Qf3 Ba6 15.
Rd1 b4 16. axb4 axb4 17. Ne2 Rd8 18. Rxd8+ Qxd8 19. g3 Qd7 20. Nc1 Qd4 21. Nd3
Bxd3 22. Qxd3 Qf2+ 23. Kd1 Ke7 24. Kc1 Ra8 25. Kb1 Qd4 26. Qe2 Bd6 27. Qxh5 Rf8
28. Qe2 Qa7 29. Qc4 Qd4 30. Qxc6 1-0

[Event "chess.com SpeedChess Q2Sw"]
[Site "chess.com INT"]
[Date "2022.11.12"]
[Round "2"]
[White "Zhigalko, Sergei"]
[Black "Atakishiyev, Elmar"]
[Result "1-0"]
[WhiteTitle "GM"]
[BlackTitle "FM"]
[WhiteElo "2572"]
[BlackElo "2303"]
[WhiteFideId "13502956"]
[BlackFideId "13410547"]
[EventDate "2022.11.12"]

1. e4 e6 2. d4 d5 3. e5 c5 4. c3 Nc6 5. Nf3 Qb6 6. a3 Bd7 7. b4 cxd4 8. cxd4 Nh6
9. Nc3 Nf5 10. Na4 Qd8 11. Bb2 Be7 12. Bd3 O-O 13. Nc5 b6 14. Nxd7 Qxd7 15. O-O
Rac8 16. Kh1 Rc7 17. g4 Nh4 18. Nxh4 Bxh4 19. g5 Bxg5 20. Qh5 h6 21. f4 Bd8 22.
f5 exf5 23. Bxf5 Qe8 24. Rg1 Bg5 25. Qf3 g6 26. Bd3 Qe7 27. Raf1 Kg7 28. Qxd5 f5
29. Qg2 Kh7 30. h4 Rd8 31. hxg5 Nxd4 32. gxh6 Rdd7 33. Qxg6+ 1-0

[Event "chess.com SpeedChess Q2Sw"]
[Site "chess.com INT"]
[Date "2022.11.12"]
[Round "2"]
[White "Matinian, Nikita"]
[Black "Terry, Renato"]
[Result "1-0"]
[WhiteTitle "GM"]
[BlackTitle "IM"]
[WhiteElo "2425"]
[BlackElo "2516"]
[WhiteFideId "24129100"]
[BlackFideId "3803457"]
[EventDate "2022.11.12"]

1. e4 e6 2. d4 d5 3. Nc3 Nf6 4. e5 Nfd7 5. f4 c5 6. Nf3 Nc6 7. Be3 Be7 8. Qd2
O-O 9. dxc5 Qa5 10. Nb5 Qxd2+ 11. Nxd2 Nxc5 12. c3 Bd7 13. Nd6 Bxd6 14. exd6 Na4
15. O-O-O Rfd8 16. Nb3 Rac8 17. Kb1 Be8 18. Nc5 Nxc5 19. Bxc5 b6 20. Ba3 Na5 21.
Ba6 Rb8 22. Rhe1 b5 23. Bc5 Nc4 24. f5 Bd7 25. fxe6 Bxe6 26. a4 bxa4 27. Bxc4
dxc4 28. Bxa7 Rb5 29. Ka2 h6 30. Re4 Rd7 31. Be3 Rdb7 32. Rd2 Kh7 33. Rxe6 fxe6
34. d7 Rxb2+ 35. Rxb2 Rxd7 36. Bd4 Rd5 37. Re2 Rd6 38. Ka3 Ra6 39. Re5 Kg6 40.
Rc5 Ra8 41. Rxc4 Kf5 42. Rxa4 Rg8 43. Ra5+ Kg6 44. Re5 Kf7 45. c4 Ra8+ 46. Kb4
Rb8+ 47. Rb5 Ra8 48. c5 Kg6 49. c6 Rc8 50. Rc5 1-0

[Event "chess.com SpeedChess Q2Sw"]
[Site "chess.com INT"]
[Date "2022.11.12"]
[Round "2"]
[White "Raja, Harshit"]
[Black "Drygalov, Sergey"]
[Result "0-1"]
[WhiteTitle "GM"]
[BlackTitle "GM"]
[WhiteElo "2461"]
[BlackElo "2547"]
[WhiteFideId "5089000"]
[BlackFideId "24171743"]
[EventDate "2022.11.12"]

1. e4 c5 2. Nf3 d6 3. d4 cxd4 4. Nxd4 Nf6 5. Nc3 a6 6. Bg5 e6 7. Qe2 Nbd7 8. g3
h6 9. Bxf6 Nxf6 10. O-O-O Qc7 11. f4 Be7 12. Bh3 O-O 13. e5 dxe5 14. fxe5 Nd7
15. Bxe6 fxe6 16. Nxe6 Qxe5 17. Qxe5 Nxe5 18. Nxf8 Bxf8 19. Rhe1 Nc6 20. Re8 Kf7
21. Rde1 Be7 22. Rh8 Rb8 23. Nd5 Bg5+ 24. Kb1 Be6 25. Rxb8 Nxb8 26. Nc7 Bh3 27.
Re4 Nc6 28. a4 Bf5 29. Rc4 Ke7 30. Nxa6 Be6 31. Rc5 Be3 32. c3 Kd6 33. Rb5 bxa6
34. Rb7 Bd7 35. b4 Bg1 36. a5 Bxh2 37. Rb6 Bc8 38. c4 Kc7 39. c5 Bxg3 40. Kc2
Be1 0-1

[Event "chess.com SpeedChess Q2Sw"]
[Site "chess.com INT"]
[Date "2022.11.12"]
[Round "2"]
[White "Fedoseev, Vladimir3"]
[Black "Aumann, Welf"]
[Result "1-0"]
[WhiteTitle "GM"]
[BlackTitle "FM"]
[WhiteElo "2688"]
[BlackElo "2316"]
[WhiteFideId "24130737"]
[BlackFideId "4634071"]
[EventDate "2022.11.12"]

1. Nf3 c5 2. g3 Nc6 3. Bg2 g6 4. O-O Bg7 5. c4 d6 6. Nc3 Qd7 7. b3 b6 8. Bb2 Bb7
9. e3 e6 10. d4 Nge7 11. dxc5 bxc5 12. Qd2 O-O 13. Ne4 Rad8 14. Rad1 Qc7 15.
Bxg7 Kxg7 16. Nxd6 Nd4 17. exd4 Rxd6 18. Qc3 Kg8 19. dxc5 Qxc5 20. b4 Qc7 21.
Qe5 Rd7 22. Qxc7 Rxc7 23. Ne5 f6 24. Bxb7 Rxb7 25. Nd7 Rf7 26. a3 Nf5 27. Nc5
Rbe7 28. Rd8+ Kg7 29. Rfd1 e5 30. Na6 Nd4 31. c5 h5 32. Kf1 h4 33. gxh4 1-0

[Event "chess.com SpeedChess Q2Sw"]
[Site "chess.com INT"]
[Date "2022.11.12"]
[Round "2"]
[White "Vifleemskaia, Svetlana"]
[Black "Bagrationi, Alexander"]
[Result "1-0"]
[WhiteTitle "WFM"]
[BlackTitle "GM"]
[WhiteElo "1947"]
[BlackElo "2454"]
[WhiteFideId "4129490"]
[BlackFideId "14104954"]
[EventDate "2022.11.12"]

1. d4 Nf6 2. c4 e6 3. Nc3 c5 4. d5 exd5 5. cxd5 d6 6. e4 g6 7. Nf3 Bg7 8. Nd2
O-O 9. Be2 a6 10. a4 Nbd7 11. O-O Ne5 12. f4 Neg4 13. Bxg4 Nxg4 14. Nf3 c4 15.
Qc2 Bd7 16. h3 Nf6 17. e5 Ne8 18. Qe4 dxe5 19. fxe5 Bf5 20. Qxc4 Nc7 21. Bg5 Qc8
22. Be7 Re8 23. Bd6 Bxh3 24. Bxc7 b5 25. axb5 Bg4 26. d6 Bh6 27. Qe2 Be6 28.
bxa6 1-0

[Event "chess.com SpeedChess Q2Sw"]
[Site "chess.com INT"]
[Date "2022.11.12"]
[Round "2"]
[White "Begunov, Konstantin"]
[Black "Grycel, Kamil"]
[Result "0-1"]
[WhiteTitle "FM"]
[BlackTitle "FM"]
[WhiteElo "2325"]
[BlackElo "2315"]
[WhiteFideId "4118510"]
[BlackFideId "1115499"]
[EventDate "2022.11.12"]

1. d4 Nf6 2. c4 Nc6 3. Nc3 e5 4. d5 Ne7 5. h4 h5 6. Nf3 Ng6 7. Ng5 Bb4 8. Bd2
Bxc3 9. Bxc3 d6 10. Qc2 Ng4 11. f3 Nh6 12. g3 Nf5 13. Rg1 Ne3 14. Qd3 Nxf1 15.
Rxf1 Qf6 16. f4 Qe7 17. f5 Nf8 18. O-O-O Nd7 19. b4 Nf6 20. e4 Bd7 21. Bd2 Ng4
22. Qc3 b6 23. Be3 a5 24. a3 axb4 25. axb4 O-O 26. Kb2 Ra4 27. Ra1 Rfa8 28. Rxa4
Rxa4 29. Ra1 Rxa1 30. Kxa1 Qd8 31. Bg1 Qa8+ 32. Kb2 Qa4 33. Qb3 Qa6 34. Kc3 Qa1+
35. Kc2 Qxg1 36. Qa3 Qf2+ 37. Kb1 Qe1+ 38. Kb2 Qd2+ 39. Ka1 Qd4+ 40. Kb1 Qd1+
41. Kb2 Qa4 42. Qxa4 Bxa4 43. Kc3 Nf6 0-1

[Event "chess.com SpeedChess Q2Sw"]
[Site "chess.com INT"]
[Date "2022.11.12"]
[Round "2"]
[White "Gubajdullin, Alexei"]
[Black "Singh, Arvinder Preet"]
[Result "1-0"]
[WhiteTitle "FM"]
[BlackTitle "FM"]
[WhiteElo "2300"]
[BlackElo "2148"]
[WhiteFideId "4141202"]
[BlackFideId "5013240"]
[EventDate "2022.11.12"]

1. d4 f5 2. Nf3 Nf6 3. Nc3 e6 4. Bg5 Be7 5. Bxf6 Bxf6 6. e4 fxe4 7. Nxe4 O-O 8.
Bd3 Nc6 9. c3 d5 10. Nxf6+ gxf6 11. O-O Kh8 12. Re1 Qe7 13. b4 Qg7 14. b5 Ne7
15. g3 Bd7 16. Qb3 Rae8 17. Re3 Ng6 18. Kh1 c6 19. Rae1 e5 20. Bxg6 hxg6 21.
dxe5 fxe5 22. Nxe5 Bh3 23. f4 g5 24. Qd1 Qh7 25. fxg5 Rf2 26. Ng6+ Kg7 27. Re7+
Rf7 28. Rxf7+ Kxf7 29. Qf3+ Kxg6 30. Rxe8 Bf5 31. bxc6 Qf7 32. Qe2 Be4+ 33. Rxe4
dxe4 34. Qxe4+ Kxg5 35. Qf4+ Qxf4 36. gxf4+ Kxf4 37. cxb7 1-0